000 00328nam a22001337a 4500
999 _c7966
_d7967
008 190520b ||||| |||| 00| 0 eng d
082 _aFIC D62L
100 _aDiwakar, Macherla
245 _aA little of it
260 _aChennai ;
_bMannora Publications,
_c2006.
300 _a320 p.
_c18 cm.
650 _aFiction.
942 _2ddc